Riconosci il Pokémon - Quiz n°737 - Statistics

Statistiche generali
  • Questo quiz è stato fatto 1 volte
  • Il punteggio medio è 5 su 10
Statistiche sulle risposte
Indizio Riposta % Corretto
Altezza 1,2 m; 3,0 m (Galar)
100%
Generazione Prima
100%
Stadio evoluzione Prima evoluzione
100%
Abilità Tanfo; Levitazione (Normale; Galar); Gas Reagente (Normale; Galar); Nebbiogenesi (Galar)
100%
Tipo Veleno; Veleno / Folletto (Galar)
100%
Sesso 50% ♂, 50% ♀
0%
Tasso di cattura 60 (14.8%)
0%
Peso 9,5 kg; 16,0 kg (Galar)
0%
Tasso di allevamento Medio-Veloce
0%
Pokémon Weezing
0%
Nessun quiz corrispondente trovato
Distribuzione punteggi
Percentuale di utenti per punteggio
Percentile per numero di risposta
I tuoi punteggi nel tempo
Non hai fatto questo quiz